000
00262nam a2200097Ia 4500
001
774357
005
20250826165809.0
008
250824s9999 xx 000 0 und d
245
0
_a
BİR GÖÇMEN KIZIN HİKAYESİ ABŞAR
_c
HASAN SARI
260
_b
ATLIKARINCA YAYINLARI
999
_c
774357
_d
774357